000 00249nam a2200109Ia 4500
008 190907s9999||||xx |||||||||||||| ||und||
100 _aDavid Luck
245 0 _aMarketing Strategy
260 _aUSA
_b McGraw Hill
_c1999
300 _a407
942 _cBK
999 _c6599
_d6599